000 00761nam a22002297a 4500
999 _c14474
_d14474
003 AR-CdUCM
008 190423b ||||| |||| 00| 0 spa d
020 _a978-607-618-457-8
040 _aMUNICIPALIDAD PROVINCIAL DEL CUSCO
_cBIBLIOTECA MUNICIPAL DEL CUSCO
082 _aPI / 376.1 /
_bD82
110 _aDisney Enterprises
_933259
245 _aAbrazos amistosos /
260 _aMexico :
_bAdvanced marketing,
_c2015.
300 _a8 paginas ;
_bIlustraciones,
_c25 cm.
500 _aTitulo original : Minnie, hugs for friends
650 _aMinnie mouse
_933276
650 _aabrazos amistosos
_933277
650 _aCuento para niñas
_933278
700 _aTorre, Adriana de la (Traducción)
_933263
942 _2ddc
_cLIBROS
945 _awnts
_d2019-04-23